Imposición de filiales, sucursales y subsidiarias en Europa Occidental, Canadá y los Estados Unidos / (Record no. 65721)

MARC details
000 -LEADER
campo de control de longitud fija 00627nam a2200169 i 4500
001 - NÚMERO DE CONTROL
campo de control 65721
003 - IDENTIFICADOR DE NÚMERO DE CONTROL
campo de control ES-MaACL
005 - FECHA Y HORA DE LA ÚLTIMA TRANSACCIÓN
campo de control 20230906165445.0
007 - CAMPO FIJO DE DESCRIPCIÓN FÍSICA--INFORMACIÓN GENERAL
campo de control de longitud fija t|
008 - DATOS DE LONGITUD FIJA--INFORMACIÓN GENERAL
campo de control de longitud fija 040121s1981 sp ||||1| spa d
100 1# - ENTRADA PRINCIPAL--NOMBRE DE PERSONA
Nombre de persona Frommel, S. N.
9 (RLIN) 52731
245 10 - MENCIÓN DEL TÍTULO
Título Imposición de filiales, sucursales y subsidiarias en Europa Occidental, Canadá y los Estados Unidos /
Mención de responsabilidad, etc. S.N. Frommel ; traducción y notas de derecho español de Antonio Garcia Torres.
260 ## - PUBLICACIÓN, DISTRIBUCIÓN, ETC.
Lugar de publicación, distribución, etc. [Madrid] :
Nombre del editor, distribuidor, etc. Ed. Derecho Financiero,
Fecha de publicación, distribución, etc. [1981]
300 ## - DESCRIPCIÓN FÍSICA
Extensión XLVII, 384 p. ;
Dimensiones 22 cm.
700 1# - ENTRADA AGREGADA--NOMBRE PERSONAL
Nombre de persona García Torres, Antonio.
9 (RLIN) 55335
852 ## - LOCALIZACIÓN
Ubicación ES-MaACL
Número de control de estantería L-1364
Sublocalización o colección R.101823
Holdings
Estatus retirado Estado de pérdida Estado de daño No para préstamo Biblioteca de origen Biblioteca actual Ubicación en estantería Fecha de adquisición Fuente de adquisición Total de préstamos Signatura topográfica completa Código de barras Visto por última vez Precio de reemplazo Tipo de ítem Koha
        Biblioteca del Ateneo de Madrid Biblioteca del Ateneo de Madrid Depósito 2 17/01/2008     L-1364 1068853 23/02/2023 23/02/2023 Libro impreso